000 00649nam a2200181Ia 4500
008 090630s9999 xx 000 0 und d
082 _b12960
100 _aडॉ. पाटील लिला.
245 _aहम होंगे कामयाब.
_cडॉ. पाटील लिला.
260 _bमधुराज - पुणे.
_c1993
300 _a52
600 _aडॉ. पाटील लिला.
630 _aहम होंगे कामयाब.
655 _aबालवाङमय.
700 _aडॉ. पाटील लिला.
730 _aहम होंगे कामयाब.
942 _cBOOK
999 _c264816
_d264816